Miscelánea en homenaje al Abate Henri Breuil : 1877-1961 / recopilación y edición por E. Ripoll Perelló 1877-1961 / recopilación y edición por E. Ripoll Perelló
Publicado:
Barcelona :
Diputación Provincial de Barcelona, Instituto de Prehistoria y Arqueología ,
1964
Descripción Física:
2 v., (496 i 450 p.) : il. ; 27 cm
MARC
| LEADER | 00000nam a2200000Ia 4500 | ||
|---|---|---|---|
| 001 | 1868, 1869 | ||
| 008 | 160829s1964, xx 000 0 cat d | ||
| 080 | |a H-1-37, H-1-38 | ||
| 245 | |a Miscelánea en homenaje al Abate Henri Breuil : |b 1877-1961 / recopilación y edición por E. Ripoll Perelló | ||
| 260 | |a Barcelona : |b Diputación Provincial de Barcelona, Instituto de Prehistoria y Arqueología, |c 1964, |c 1965 | ||
| 300 | |a 2 v., (496 i 450 p.) : |b il. ; |c 27 cm | ||
| 650 | |a Breuil, Henri |x Miscel·lànies |9 36079 | ||
| 650 | |a Arqueologia |x Reculls d'escrits |9 33275 | ||
| 650 | |a Prehistòria |x Reculls d'escrits |9 33276 | ||
| 700 | 1 | |a Breuil, Henri, |d 1877-1961 |9 34310 | |
| 700 | 1 | |a Ripoll i Perelló, Eduard, |d 1923-2006 |e editor literari |9 20913 | |
| 710 | 2 | |a Instituto de Prehistoria y Arqueología (Barcelona, Catalunya) |9 54255 | |
| 901 | |a Arxiu | ||
| 942 | |n 1 |2 udc | ||
| 952 | |0 0 |1 0 |4 0 |6 H137_H138 |7 1 |9 47169 |a Arxiu |b Arxiu |d 2016-12-01 |l 0 |o H-1-37, H-1-38 |p 1868, 1869 |r 2016-12-01 00:00:00 |w 2016-12-01 |y ARXIU | ||
| 999 | |c 50966 |d 50966 | ||